عرض عادي
عرض مارك
- Crain, Stephen,
مدخل إسم شخص
001 - رقم الضبط
- حقل الضبط: 56253
003 - معرف رقم الضبط
- حقل الضبط: OSt
005 - تاريخ ووقت أخر عملية
- حقل الضبط: 20160827104506.0
008 - عناصر بيانات ثابتة الطول
- حقل تحكم ثابت الطول: 160827|| aca||aabn | a|a d
040 ## - مصدر الفهرسة
- هيئة الفهرسة الأصلية: OSt
- وكالة الكتابة: OSt
100 ## - مدخل -- أسم شخص
- إسم شخص: Crain, Stephen,
- تواريخ مرتبطة بالاسم: 1947-
670 ## - بيانات المصدر موجوده
- الاستشهاد بالمصدر: Work cat.: (OSt)0: Crain, Stephen, 1947-, Investigations in universal grammar :, 2000
